| 000 | 00589cam a22002051 4500 | ||
|---|---|---|---|
| 001 | af 47001672 | ||
| 003 | DLC | ||
| 005 | 20260227110809.0 | ||
| 008 | 911115s1945 it c 000 0 ita c | ||
| 010 | _aaf 47001672 | ||
| 035 | _a(OCoLC)24790823 | ||
| 040 |
_aHarvard univ. Library _cCU _dDLC |
||
| 042 | _apremarc | ||
| 050 | 0 | 0 |
_aDG575.C58 _bC3 |
| 100 | 1 | _aCatanzaro, Giuseppe Maria. | |
| 245 | 0 | 0 | _aMontezemolo ... |
| 260 |
_a[Roma] _bEditoriale romana _c[1945] |
||
| 300 |
_a191 p., 2 l. incl. front. (port.) _c22 cm. |
||
| 600 | 2 | 0 |
_aCordero Lanza de Montezemolo, Giuseppe, _d1901-1944. |
| 999 |
_c1340 _d1340 |
||